| Tag |
First Indicator |
Second Indicator |
Subfields |
| LEADER |
00000cam a2200000 a 4500 |
| 001 |
in00001381321 |
| 005 |
20151019174859.0 |
| 008 |
870206s1987 ne a b 001 0 eng |
| 010 |
|
|
|a 87001740
|
| 020 |
|
|
|a 9024734878
|
| 035 |
|
|
|a (OCoLC)15223826
|
| 035 |
|
|
|9 AHL1061AM
|
| 040 |
|
|
|a DLC
|c DLC
|d TXA
|d UtOrBLW
|
| 049 |
|
|
|a TXAM
|
| 050 |
0 |
0 |
|a HX73
|b .S633 1987
|
| 082 |
0 |
0 |
|a 335
|2 19
|
| 245 |
0 |
0 |
|a Socialism :
|b institutional, philosophical, and economic issues /
|c edited by Svetozar Pejovich.
|
| 246 |
3 |
0 |
|a Institutional, philosophical, and economic issues
|
| 264 |
|
1 |
|a Dordrecht ;
|a Boston :
|b Kluwer Academic Publishers,
|c 1987.
|
| 300 |
|
|
|a x, 322 pages :
|b illustrations ;
|c 25 cm.
|
| 336 |
|
|
|a text
|b txt
|2 rdacontent
|
| 337 |
|
|
|a unmediated
|b n
|2 rdamedia
|
| 338 |
|
|
|a volume
|b nc
|2 rdacarrier
|
| 490 |
1 |
|
|a International studies in economics and econometrics ;
|v v. 14
|
| 504 |
|
|
|a Includes bibliographical references and index.
|
| 536 |
|
|
|a Dr. Paul P. Van Riper collection, Department of Political Science.
|
| 650 |
|
0 |
|a Communism.
|
| 650 |
|
0 |
|a Socialism.
|
| 700 |
1 |
|
|a Pejovich, Svetozar.
|
| 830 |
|
0 |
|a International studies in economics and econometrics ;
|v v. 14.
|
| 999 |
|
|
|a MARS
|
| 999 |
f |
f |
|s d09e9db5-4466-34b4-8077-d9258834e958
|i c9e12135-ff43-38fc-aa64-98dbc963160e
|t 0
|
| 952 |
f |
f |
|p ric
|a Texas A&M University
|b Rellis Campus
|c Joint Library Facility
|d Remote Storage
|t 0
|e HX73 .S633 1987
|h Library of Congress classification
|i unmediated -- volume
|m A14821540818
|
| 998 |
f |
f |
|a HX73 .S633 1987
|t 0
|l Remote Storage
|